[Event "CHN-ch U20 Girls"]
[Site "Shanghai"]
[Date "2024.02.17"]
[Round "4"]
[White "Ding, Shirui"]
[Black "Cai, Boheng"]
[Result "1/2-1/2"]
[WhiteElo "1491"]
[BlackElo "1854"]
[PlyCount "62"]
[EventDate "2024.02.16"]
[EventType "swiss"]
[EventRounds "11"]
[EventCountry "CHN"]
[SourceTitle "CB09_2024"]
[SourceDate "2024.02.28"]
[SourceVersion "1"]
[SourceVersionDate "2024.02.28"]
[SourceQuality "1"]

1. d4 Nf6 2. c4 e6 3. Nf3 Bb4+ 4. Nbd2 d5 5. e3 0-0 6. a3 Be7 7. Bd3 c5 8. cxd5 exd5 9. dxc5 a5 10. 0-0 Nbd7 11. Nb3 Nxc5 12. Nxc5 Bxc5 13. h3 Qe7 14. Nd4 Ne4 15. b3 Bxd4 16. exd4 Bf5 17. Bf4 Rfe8 18. Re1 Qh4 19. Bxe4 dxe4 20. Bg3 Qg5 21. Qc1 Qf6 22. Qe3 Red8 23. Be5 Qe7 24. Rec1 Rac8 25. Rxc8 Rxc8 26. Rc1 f6 27. Rxc8+ Bxc8 28. Bg3 Bf5 29. Qf4 Qd7 30. Qd6 Qxd6 31. Bxd6 Be6 1/2-1/2

[Event "CHN-ch U20 Girls"]
[Site "Shanghai"]
[Date "2024.02.16"]
[Round "1"]
[White "Cai, Boheng"]
[Black "Feng, Chen"]
[Result "1-0"]
[WhiteElo "1854"]
[BlackElo "1419"]
[PlyCount "103"]
[EventDate "2024.02.16"]
[EventType "swiss"]
[EventRounds "11"]
[EventCountry "CHN"]
[SourceTitle "CB09_2024"]
[SourceDate "2024.02.28"]
[SourceVersion "1"]
[SourceVersionDate "2024.02.28"]
[SourceQuality "1"]

1. d4 d5 2. c4 e6 3. Nc3 Nf6 4. cxd5 exd5 5. Bg5 c6 6. e3 Bf5 7. Qf3 Bg6 8. Bxf6 Qxf6 9. Qxf6 gxf6 10. h4 Bf5 11. Be2 Rg8 12. g3 Nd7 13. Nf3 0-0-0 14. a3 a5 15. Kd2 h6 16. Rhc1 Kb8 17. Na4 Be7 18. Nc5 Kc7 19. b4 axb4 20. axb4 Ra8 21. Ne1 Nb6 22. Ra5 Nd7 23. Ncd3 Nb6 24. Nc5 Nd7 25. Raa1 Nb6 26. Kc3 Rxa1 27. Rxa1 Ra8 28. Rxa8 Nxa8 29. Ng2 Nb6 30. Nf4 Nd7 31. Nb3 Nb8 32. b5 Kb6 33. bxc6 bxc6 34. f3 Nd7 35. Nd2 Nf8 36. e4 dxe4 37. fxe4 Bh7 38. Bc4 Bg8 39. d5 cxd5 40. Nxd5+ Kb7 41. Nxe7 Bh7 42. Bxf7 Kc7 43. Nd5+ Kd6 44. Nxf6 Bxe4 45. Ndxe4+ Ke5 46. Kd3 Kf5 47. Ke3 Ke5 48. Ng4+ Kf5 49. Nxh6+ Ke5 50. Ng4+ Kf5 51. Kf3 Nh7 52. Nd6# 1-0

[Event "CHN-ch U20 Girls"]
[Site "Shenzhen"]
[Date "2023.07.28"]
[Round "1"]
[White "Cai, Boheng"]
[Black "Shen, Qianyu"]
[Result "1-0"]
[WhiteElo "1781"]
[BlackElo "1366"]
[PlyCount "73"]
[EventDate "2023.07.28"]
[EventType "swiss"]
[EventRounds "11"]
[EventCountry "CHN"]
[SourceTitle "CBM 215 Extra"]
[Source "ChessBase"]
[SourceDate "2023.09.30"]
[SourceVersion "1"]
[SourceVersionDate "2023.09.30"]
[SourceQuality "1"]

1. d4 d5 2. c4 e6 3. Nc3 Nf6 4. Nf3 Bb4 5. Bg5 Bxc3+ 6. bxc3 dxc4 7. e4 h6 8. Bxf6 Qxf6 9. Bxc4 0-0 10. 0-0 Nd7 11. Qe2 b6 12. Bb5 Qd8 13. Bc6 Rb8 14. Rad1 Nf6 15. Ne5 Nd7 16. Ng4 Nf6 17. Nxf6+ Qxf6 18. e5 Qe7 19. f4 Bd7 20. Be4 Bc8 21. Rf3 Bb7 22. Bxb7 Rxb7 23. Rdf1 c5 24. f5 cxd4 25. cxd4 exf5 26. Rxf5 Rbb8 27. Qg4 Qe6 28. a3 Kh8 29. Qf3 Kg8 30. d5 Qe7 31. h3 Qc5+ 32. Kh2 Qc7 33. Kh1 Qe7 34. Qg3 Kh7 35. Rf6 gxf6 36. exf6 Rg8 37. Qd3+ 1-0

[Event "CHN-ch sf (Women)"]
[Site "Hefei"]
[Date "2023.04.27"]
[Round "10"]
[White "Cai, Boheng"]
[Black "Bai, Xue"]
[Result "1/2-1/2"]
[WhiteElo "1848"]
[BlackElo "2120"]
[PlyCount "79"]
[EventDate "2023.04.23"]
[EventType "swiss"]
[EventRounds "11"]
[EventCountry "CHN"]
[SourceTitle "CBM 214 Extra"]
[Source "ChessBase"]
[SourceDate "2023.07.31"]
[SourceVersion "1"]
[SourceVersionDate "2023.07.31"]
[SourceQuality "1"]

1. d4 Nf6 2. c4 e6 3. Nf3 d5 4. Nc3 c6 5. e3 Nbd7 6. Qc2 Bd6 7. Bd3 0-0 8. 0-0 dxc4 9. Bxc4 b5 10. Bd3 Bb7 11. Ng5 h6 12. Nge4 Be7 13. a3 a5 14. Bd2 a4 15. Nxf6+ Nxf6 16. Ne4 Nxe4 17. Bxe4 Qb6 18. Bb4 Rfe8 19. f4 Rac8 20. Rac1 Qc7 21. Qd2 Qd7 22. Bxe7 Qxe7 23. Rc5 Qd6 24. Bb1 Rc7 25. g4 Bc8 26. h3 Bd7 27. Rf2 Rd8 28. Rg2 Be8 29. Qc2 g6 30. h4 Qe7 31. h5 Rd5 32. g5 Rxc5 33. Qxc5 Qxc5 34. dxc5 Rd7 35. Bc2 hxg5 36. hxg6 gxf4 37. exf4 fxg6 38. b3 axb3 39. Bxb3 Bf7 40. f5 1/2-1/2

[Event "CHN-ch sf (Women)"]
[Site "Hefei"]
[Date "2023.04.24"]
[Round "4"]
[White "Wang, Shunshun"]
[Black "Cai, Boheng"]
[Result "0-1"]
[WhiteElo "1469"]
[BlackElo "1848"]
[PlyCount "120"]
[EventDate "2023.04.23"]
[EventType "swiss"]
[EventRounds "11"]
[EventCountry "CHN"]
[SourceTitle "CBM 214 Extra"]
[Source "ChessBase"]
[SourceDate "2023.07.31"]
[SourceVersion "1"]
[SourceVersionDate "2023.07.31"]
[SourceQuality "1"]

1. d4 Nf6 2. Nf3 e6 3. Bg5 Be7 4. c4 b6 5. e3 Bb7 6. Bd3 0-0 7. 0-0 d6 8. Nbd2 Nbd7 9. Qc2 h6 10. Bh4 Re8 11. a3 c5 12. b4 d5 13. dxc5 bxc5 14. b5 Qc7 15. Bg3 Bd6 16. Bxd6 Qxd6 17. Rfe1 d4 18. Ne4 Nxe4 19. Bxe4 Bxe4 20. Qxe4 e5 21. Nd2 Nf6 22. Qc2 d3 23. Qd1 e4 24. f3 exf3 25. Qxf3 Rad8 26. Rad1 Re7 27. Kh1 Qe6 28. e4 Ng4 29. Rc1 Ne5 30. Qe3 Rd4 31. Nb3 d2 32. Nxd2 Nd3 33. Nf3 Rdd7 34. Red1 Nxc1 35. Rxc1 Rc7 36. Nd2 f5 37. Re1 fxe4 38. Qf4 Qf6 39. Qg3 Rcd7 40. Nf1 Rd3 41. Ne3 Rf7 42. h3 Rxa3 43. Qg4 Qe5 44. Nc2 Rc3 45. Qe2 e3 46. Qd1 Rf2 47. Re2 Qe4 48. Ne1 Rxe2 49. Qxe2 Rc1 50. Kh2 Qf4+ 51. Kg1 Qf2+ 52. Qxf2 exf2+ 53. Kxf2 Rxc4 54. Nd3 Rc3 55. Ke2 Rb3 56. Nxc5 Rxb5 57. Nd3 a5 58. Kd2 a4 59. g4 a3 60. Nc1 a2 0-1

[Event "CHN-chT (Women)"]
[Site "Liaocheng"]
[Date "2021.10.23"]
[Round "4.3"]
[White "Cai, Boheng"]
[Black "Jiang, Tianyu"]
[Result "1-0"]
[WhiteElo "1847"]
[BlackElo "1391"]
[PlyCount "63"]
[EventDate "2021.10.20"]
[EventType "team-tourn"]
[EventRounds "9"]
[EventCountry "CHN"]
[SourceTitle "CBM 204 Extra"]
[Source "ChessBase"]
[SourceDate "2021.11.30"]
[SourceVersion "1"]
[SourceVersionDate "2021.11.30"]
[SourceQuality "1"]
[WhiteTeam "Jiangsu (W)"]
[BlackTeam "Shandong (W)"]
[WhiteTeamCountry "CHN"]
[BlackTeamCountry "CHN"]

1. d4 Nf6 2. c4 Nc6 3. Nf3 e6 4. Nc3 Bb4 5. Bd2 d6 6. e3 0-0 7. Qc2 e5 8. d5 Ne7 9. Bd3 Ng6 10. 0-0-0 Ng4 11. Rdf1 f5 12. e4 Bxc3 13. Bg5 Qe8 14. exf5 Ne7 15. h3 Bxb2+ 16. Kxb2 Nf6 17. g4 Nd7 18. Be3 c6 19. Ng5 Nb8 20. f6 Rxf6 21. Bxh7+ Kh8 22. Ne4 Rf8 23. Nxd6 Qd7 24. Nf5 Nxf5 25. Bxf5 Qd6 26. Be4 cxd5 27. Bxd5 Na6 28. Rd1 Qe7 29. Qg6 Qh4 30. Be4 Nb4 31. Bg5 Rxf2+ 32. Kb1 1-0

[Event "Wch U14 Girls"]
[Site "Mumbai"]
[Date "2019.10.11"]
[Round "10"]
[White "Obada, Ema"]
[Black "Cai, Boheng"]
[Result "1-0"]
[WhiteElo "1987"]
[BlackElo "1853"]
[PlyCount "65"]
[EventDate "2019.10.02"]
[EventType "swiss"]
[EventRounds "11"]
[EventCountry "IND"]
[SourceTitle "EXT 2020"]
[Source "ChessBase"]
[SourceDate "2019.10.17"]
[SourceVersion "1"]
[SourceVersionDate "2019.10.17"]
[SourceQuality "1"]

1. e4 c6 2. d3 d5 3. Nd2 e6 4. Ngf3 Be7 5. d4 dxe4 6. Nxe4 Nf6 7. Nxf6+ Bxf6 8. Be2 Nd7 9. 0-0 0-0 10. Bf4 b6 11. Bd3 Bb7 12. Be4 Re8 13. Re1 g6 14. Ne5 Nxe5 15. dxe5 Be7 16. Qg4 Qc7 17. h4 c5 18. h5 Bxe4 19. Rxe4 Bf8 20. Bg5 Bg7 21. Rae1 Rac8 22. Bf6 Bf8 23. R1e3 Qb7 24. Qh3 Bg7 25. Rh4 Bxf6 26. exf6 e5 27. Rg3 Rc7 28. Qf5 Qc8 29. Qe4 Qb7 30. hxg6 fxg6 31. Rxg6+ Kf8 32. Qc4 Rf7 33. Qg4 1-0

[Event "Wch U14 Girls"]
[Site "Mumbai"]
[Date "2019.10.07"]
[Round "7"]
[White "Cai, Boheng"]
[Black "Wikar, Martyna"]
[Result "1/2-1/2"]
[WhiteElo "1853"]
[BlackElo "1969"]
[PlyCount "95"]
[EventDate "2019.10.02"]
[EventType "swiss"]
[EventRounds "11"]
[EventCountry "IND"]
[SourceTitle "EXT 2020"]
[Source "ChessBase"]
[SourceDate "2019.10.17"]
[SourceVersion "1"]
[SourceVersionDate "2019.10.17"]
[SourceQuality "1"]

1. d4 Nf6 2. c4 d6 3. Nf3 Nbd7 4. g3 g6 5. Bg2 Bg7 6. 0-0 0-0 7. Nc3 e5 8. d5 a5 9. e4 Nc5 10. Qc2 Ne8 11. Ne1 f5 12. Nd3 Nxd3 13. Qxd3 f4 14. f3 g5 15. g4 Qf6 16. h3 Kf7 17. Bd2 h5 18. Kf2 Qg6 19. Ke2 Bd7 20. b3 Rh8 21. Rh1 Bf6 22. a3 Be7 23. Raf1 Qg8 24. Nd1 Nf6 25. Nf2 Qb8 26. a4 Qa7 27. Bc1 Qb6 28. Qc3 c6 29. dxc6 bxc6 30. Ba3 Rab8 31. Rb1 c5 32. Rhd1 Qc7 33. Qd3 Bc6 34. Rd2 Qb7 35. Rbb2 Ne8 36. Qc3 Qc7 37. Ra2 Ng7 38. Bb2 Ne6 39. Qc2 Qb6 40. Rd3 Ba8 41. Ra3 Qb4 42. Ra1 Nd4+ 43. Bxd4 cxd4 44. Rb1 Rhc8 45. Rdd1 hxg4 46. fxg4 Qb6 47. Rdc1 Qd8 48. Qd2 1/2-1/2

[Event "Belt and Road Hunan op-C"]
[Site "Changsha"]
[Date "2019.08.01"]
[Round "7"]
[White "Miao, Zhun"]
[Black "Cai, Boheng"]
[Result "0-1"]
[WhiteElo "1462"]
[BlackElo "1791"]
[PlyCount "104"]
[EventDate "2019.07.29"]
[EventType "swiss"]
[EventRounds "9"]
[EventCountry "CHN"]
[SourceTitle "EXT 2020"]
[Source "ChessBase"]
[SourceDate "2019.10.17"]
[SourceVersion "1"]
[SourceVersionDate "2019.10.17"]
[SourceQuality "1"]

1. e4 e6 2. d4 d5 3. exd5 exd5 4. Bd3 Nf6 5. Nf3 Bg4 6. 0-0 Be7 7. h3 Bh5 8. Bf4 0-0 9. Nbd2 Nbd7 10. c3 c6 11. Qc2 Bg6 12. Rfe1 Re8 13. Ne5 Bxd3 14. Nxd3 Rc8 15. Rad1 Nf8 16. Bh2 b6 17. Qa4 Qd7 18. Nf3 Qb7 19. Qb3 h6 20. Nh4 g6 21. Nf3 Qa8 22. Nb4 a5 23. Nd3 a4 24. Qc2 c5 25. dxc5 bxc5 26. Qb1 Rcd8 27. Qc1 Kg7 28. Nf4 Bd6 29. Rxe8 Rxe8 30. Qd2 Rd8 31. Ne2 Bxh2+ 32. Nxh2 Ne6 33. Nf3 Qb7 34. Qc2 Qa6 35. Rd2 Rb8 36. Rd1 Rc8 37. Rc1 Rc7 38. Qd2 Qb6 39. Rd1 Rb7 40. Rb1 Rd7 41. Rd1 Nd8 42. Ne5 Re7 43. Nf3 Nc6 44. Qc2 Qa6 45. Nf4 Qc4 46. Nd3 Qxa2 47. Nxc5 a3 48. Rd2 Qc4 49. Nb3 Rb7 50. Nc1 axb2 51. Qb1 bxc1Q+ 52. Qxc1 Ne4 0-1

[Event "Belt and Road Hunan op-C"]
[Site "Changsha"]
[Date "2019.07.31"]
[Round "5"]
[White "Zhou, Enming"]
[Black "Cai, Boheng"]
[Result "1/2-1/2"]
[WhiteElo "1402"]
[BlackElo "1791"]
[PlyCount "60"]
[EventDate "2019.07.29"]
[EventType "swiss"]
[EventRounds "9"]
[EventCountry "CHN"]
[SourceTitle "EXT 2020"]
[Source "ChessBase"]
[SourceDate "2019.10.17"]
[SourceVersion "1"]
[SourceVersionDate "2019.10.17"]
[SourceQuality "1"]

1. e4 e6 2. d4 d5 3. e5 c5 4. c3 Qb6 5. Nf3 Bd7 6. Be2 Bb5 7. 0-0 Bxe2 8. Qxe2 Nd7 9. Nbd2 Ne7 10. Kh1 Nc6 11. Nb3 a5 12. Rd1 cxd4 13. Nbxd4 Be7 14. Be3 Qa6 15. Qxa6 Rxa6 16. Nb5 Kd8 17. Bd4 Nxd4 18. cxd4 a4 19. Rac1 Nb8 20. Rc2 Nc6 21. Rdc1 Kd7 22. Nc3 Rc8 23. Ne2 Rb8 24. a3 Bd8 25. g3 h6 26. Nc3 b5 27. Kg2 Rbb6 28. Ne2 b4 29. Ne1 bxa3 30. bxa3 Rb3 1/2-1/2

[Event "Belt and Road Hunan op-C"]
[Site "Changsha"]
[Date "2019.07.30"]
[Round "3"]
[White "Chen, Zhi"]
[Black "Cai, Boheng"]
[Result "0-1"]
[WhiteElo "1559"]
[BlackElo "1791"]
[PlyCount "60"]
[EventDate "2019.07.29"]
[EventType "swiss"]
[EventRounds "9"]
[EventCountry "CHN"]
[SourceTitle "EXT 2020"]
[Source "ChessBase"]
[SourceDate "2019.10.17"]
[SourceVersion "1"]
[SourceVersionDate "2019.10.17"]
[SourceQuality "1"]

1. d4 Nf6 2. Bg5 e6 3. Nd2 d5 4. e3 c5 5. c3 h6 6. Bh4 Nbd7 7. Bd3 e5 8. dxe5 Nxe5 9. Bc2 Be7 10. Ngf3 Nc6 11. h3 0-0 12. Nb3 b6 13. 0-0 Be6 14. Qe2 Ne4 15. Bxe7 Qxe7 16. Rad1 Rad8 17. Nbd2 f5 18. c4 Nxd2 19. Nxd2 d4 20. Rfe1 Qf6 21. e4 Rfe8 22. e5 Qf7 23. Bd3 a6 24. f4 Nb4 25. a3 Nxd3 26. Qxd3 b5 27. b3 Rb8 28. Rb1 Rb7 29. Rbc1 bxc4 30. Nxc4 Bxc4 0-1

[Event "CHN-chB (Women)"]
[Site "Hangzhou"]
[Date "2019.07.03"]
[Round "3"]
[White "Zhao, Shengxin"]
[Black "Cai, Boheng"]
[Result "1-0"]
[WhiteElo "2166"]
[BlackElo "1791"]
[PlyCount "43"]
[EventDate "2019.07.02"]
[EventType "swiss"]
[EventRounds "11"]
[EventCountry "CHN"]
[SourceTitle "CBM 191 Extra"]
[Source "ChessBase"]
[SourceDate "2019.09.30"]
[SourceVersion "1"]
[SourceVersionDate "2019.09.30"]
[SourceQuality "1"]

1. d4 Nf6 2. c4 e6 3. g3 Bb4+ 4. Bd2 Qe7 5. Nf3 Nc6 6. Nc3 Bxc3 7. Bxc3 Ne4 8. Rc1 Nxc3 9. Rxc3 d6 10. d5 Nb8 11. dxe6 Bxe6 12. Bg2 Nc6 13. Nd4 Bd7 14. Nxc6 Qf6 15. Re3+ Be6 16. Nd4 0-0 17. Nxe6 fxe6 18. 0-0 Rae8 19. Bxb7 Qxb2 20. Qb3 Qd4 21. Rd1 Qc5 22. Qb5 1-0

[Event "CHN-chB (Women)"]
[Site "Hangzhou"]
[Date "2019.??.??"]
[Round "1"]
[White "Zhou, Shumeng"]
[Black "Cai, Boheng"]
[Result "1/2-1/2"]
[WhiteElo "1282"]
[BlackElo "1791"]
[PlyCount "154"]
[EventDate "2019.07.02"]
[EventType "swiss"]
[EventRounds "11"]
[EventCountry "CHN"]
[SourceTitle "CBM 191 Extra"]
[Source "ChessBase"]
[SourceDate "2019.09.30"]
[SourceVersion "1"]
[SourceVersionDate "2019.09.30"]
[SourceQuality "1"]

1. c4 e6 2. Nf3 Nf6 3. g3 b6 4. Bg2 Bb7 5. 0-0 Be7 6. b3 0-0 7. Bb2 c5 8. Nc3 Nc6 9. d4 d6 10. d5 exd5 11. Nxd5 Nxd5 12. Qxd5 Bf6 13. Qd2 Re8 14. e3 Bxb2 15. Qxb2 Qe7 16. Rfd1 Rad8 17. Rd2 Qc7 18. Rad1 Ne7 19. Nh4 Bc8 20. Bf3 Be6 21. Rd3 Rd7 22. Qd2 Red8 23. Bd5 Nc6 24. e4 Nd4 25. Bxe6 fxe6 26. Nf3 e5 27. Nxd4 exd4 28. Qg5 Re8 29. Re1 Rde7 30. f3 a6 31. Rc1 Re5 32. Qd2 Qd7 33. a4 h5 34. Qf4 Rf8 35. Qd2 Rf6 36. Rf1 Qf7 37. Rf2 h4 38. g4 Qd7 39. Rf1 Rf8 40. Qe1 Qe7 41. Qd2 b5 42. axb5 axb5 43. Qc2 bxc4 44. Qxc4+ Kh7 45. b4 Qf6 46. Qc2 Qf4 47. Rf2 Ra8 48. Qd2 Qf7 49. bxc5 dxc5 50. Qb2 Qc7 51. Rc2 Qa5 52. Rc1 Ra6 53. Rb3 Rc6 54. Rb5 Qd8 55. Rc4 Qf6 56. Qe2 Qf4 57. Qf2 Qf6 58. Qe2 Qg5 59. Kg2 Rd6 60. Qd3 Rd7 61. Rcxc5 Rxc5 62. e5+ Qg6 63. Qxg6+ Kxg6 64. Rxc5 d3 65. Rc1 Kg5 66. Rd1 Re7 67. Rxd3 Rxe5 68. Kf2 Kf6 69. f4 Ra5 70. Re3 Ra2+ 71. Re2 Ra3 72. Kg2 Rb3 73. Re5 Rb4 74. g5+ Kg6 75. Kf3 Kh5 76. h3 Rb3+ 77. Re3 Rb4 1/2-1/2

[Event "Wch U12 Girls"]
[Site "Pocos de Caldas"]
[Date "2017.08.25"]
[Round "5"]
[White "Francisco Guecamburu, Candela Be"]
[Black "Cai, Boheng"]
[Result "1-0"]
[WhiteElo "1410"]
[BlackElo "1710"]
[PlyCount "105"]
[EventDate "2017.08.22"]
[EventType "swiss"]
[EventRounds "11"]
[EventCountry "BRA"]
[SourceTitle "CBM 180 Extra"]
[Source "ChessBase"]
[SourceDate "2017.10.06"]
[SourceVersion "1"]
[SourceVersionDate "2017.10.06"]
[SourceQuality "1"]

1. e4 e6 2. d4 d5 3. Nc3 Nf6 4. Bg5 Be7 5. e5 Nfd7 6. Bxe7 Qxe7 7. Nf3 a6 8. Qd2 c5 9. Ne2 Nc6 10. c3 b6 11. g3 Bb7 12. Bg2 0-0 13. 0-0 b5 14. Rfe1 Nb6 15. b3 Rfc8 16. Rac1 a5 17. dxc5 Qxc5 18. Ned4 Nxd4 19. cxd4 Qa3 20. Bf1 Ba6 21. Red1 h6 22. Ne1 a4 23. Nd3 axb3 24. axb3 Rxc1 25. Rxc1 Qxb3 26. Nc5 Qa3 27. Rc2 Bc8 28. Bxb5 Qa5 29. Qxa5 Rxa5 30. Rb2 Ra8 31. Bc6 Rb8 32. Rb5 Kf8 33. Na4 Bd7 34. Nxb6 Bxc6 35. Nd7+ Bxd7 36. Rxb8+ Ke7 37. Rh8 Bb5 38. Rg8 g6 39. g4 Be2 40. h3 h5 41. gxh5 Bxh5 42. Kh2 Be2 43. Kg3 Bd1 44. Kf4 Ba4 45. Kg5 Be8 46. h4 Bb5 47. Ra8 Bc6 48. Ra7+ Bd7 49. f4 Kd8 50. Kf6 Be8 51. Rxf7 Bxf7 52. Kxf7 Kd7 53. Kxg6 1-0

[Event "CHN-chTB"]
[Site "Harbin"]
[Date "2016.07.15"]
[Round "9.4"]
[White "Xu, Fei"]
[Black "Cai, Boheng"]
[Result "1/2-1/2"]
[WhiteElo "1937"]
[BlackElo "1610"]
[PlyCount "83"]
[EventDate "2016.07.11"]
[EventType "team-swiss"]
[EventRounds "11"]
[EventCountry "CHN"]
[SourceTitle "CBM 173 Extra"]
[Source "ChessBase"]
[SourceDate "2016.08.29"]
[SourceVersion "1"]
[SourceVersionDate "2016.08.29"]
[SourceQuality "1"]
[WhiteTeam "Heilongjiang BG Center"]
[BlackTeam "Taiyuan Huxiaoling"]
[WhiteTeamCountry "CHN"]
[BlackTeamCountry "CHN"]

1. e4 c6 2. d4 d5 3. exd5 cxd5 4. Bd3 Nc6 5. Nf3 Bg4 6. c3 Qc7 7. 0-0 e6 8. h3 Bh5 9. Be3 Nf6 10. Nbd2 Bd6 11. Qc2 Bxf3 12. Nxf3 h6 13. Rfe1 0-0 14. Rac1 a6 15. a4 Na5 16. Ne5 Nc4 17. Nxc4 dxc4 18. Bf1 Nd5 19. Bd2 b5 20. Ra1 Nb6 21. axb5 axb5 22. g3 Ra7 23. Bg2 Nd5 24. Bxd5 exd5 25. Rxa7 Qxa7 26. Qf5 Qb7 27. Qg4 Kh8 28. Qh5 Kg8 29. Kg2 Rd8 30. Qg4 Kh7 31. Qf5+ Kg8 32. Qg4 Kh7 33. Qh5 Kg8 34. Qf5 Qc6 35. Qg4 Kh7 36. Qf5+ Kg8 37. Ra1 Qb7 38. Qg4 Kh7 39. Qf5+ Kg8 40. Qg4 Kh7 41. Qf5+ Kg8 42. Qg4 1/2-1/2

[Event "CHN-chTB"]
[Site "Harbin"]
[Date "2016.07.11"]
[Round "2.2"]
[White "Cai, Boheng"]
[Black "Guo, Weibao"]
[Result "1/2-1/2"]
[WhiteElo "1610"]
[BlackElo "1684"]
[PlyCount "76"]
[EventDate "2016.07.11"]
[EventType "team-swiss"]
[EventRounds "11"]
[EventCountry "CHN"]
[SourceTitle "CBM 173 Extra"]
[Source "ChessBase"]
[SourceDate "2016.08.29"]
[SourceVersion "1"]
[SourceVersionDate "2016.08.29"]
[SourceQuality "1"]
[WhiteTeam "Taiyuan Huxiaoling"]
[BlackTeam "Hebei Ticai"]
[WhiteTeamCountry "CHN"]
[BlackTeamCountry "CHN"]

1. d4 d5 2. c4 c6 3. Nc3 Nf6 4. Nf3 dxc4 5. a4 Bf5 6. Ne5 Nbd7 7. Nxc4 Qc7 8. g3 e5 9. dxe5 Nxe5 10. Bf4 Nfd7 11. Bg2 g5 12. Nxe5 gxf4 13. Nxd7 Bxd7 14. Qd4 Rg8 15. Qe4+ Be7 16. Qxh7 0-0-0 17. 0-0-0 Rgf8 18. Bh3 Bxh3 19. Qxh3+ Kb8 20. Kb1 Bd6 21. Qf5 Be5 22. Ne4 fxg3 23. hxg3 Bd4 24. e3 Rd5 25. Qf3 Be5 26. Rxd5 cxd5 27. Ng5 f6 28. Nh3 Rc8 29. Qe2 Qa5 30. f4 Qxa4 31. Nf2 Bd6 32. Qd2 Rc5 33. Rh8+ Kc7 34. Rh7+ Kb8 35. Rh8+ Kc7 36. Rh7+ Kb8 37. Rh8+ Kc7 38. Rh7+ Kb8 1/2-1/2

[Event "Wch U10 Girls"]
[Site "Porto Carras"]
[Date "2015.11.05"]
[Round "11"]
[White "Cai, Boheng"]
[Black "Shuqja, Klean"]
[Result "1-0"]
[WhiteElo "1594"]
[BlackElo "1414"]
[PlyCount "125"]
[EventDate "2015.10.25"]
[EventType "swiss"]
[EventRounds "11"]
[EventCountry "GRE"]
[SourceTitle "CBM 169 Extra"]
[Source "ChessBase"]
[SourceDate "2015.12.18"]
[SourceVersion "1"]
[SourceVersionDate "2015.12.18"]
[SourceQuality "1"]

1. d4 d5 2. c4 e6 3. Nc3 Nf6 4. Bg5 Be7 5. e3 0-0 6. Bd3 h6 7. Bh4 b6 8. cxd5 exd5 9. Nf3 Bb7 10. 0-0 Nbd7 11. Rc1 c5 12. dxc5 bxc5 13. Na4 Rc8 14. Bf5 g6 15. Bxf6 gxf5 16. Bxe7 Qxe7 17. Qb3 Ba6 18. Rfd1 Bc4 19. Qc2 Qe4 20. b3 Bb5 21. Nc3 Qxc2 22. Rxc2 Bc6 23. Nxd5 Bxd5 24. Rxd5 Rc7 25. Rxf5 Rfc8 26. Ne5 Nxe5 27. Rxe5 c4 28. bxc4 Rxc4 29. Re8+ Rxe8 30. Rxc4 Rb8 31. g3 Kg7 32. Kg2 Kf6 33. Ra4 Rb7 34. Ra6+ Kg7 35. g4 f6 36. Kg3 Kg6 37. h4 Kg7 38. Kf4 Kf7 39. f3 Rb4+ 40. e4 Rb7 41. g5 fxg5+ 42. hxg5 hxg5+ 43. Kxg5 Rb5+ 44. Kf4 Rb7 45. e5 Ke7 46. Kf5 Kf7 47. f4 Ke7 48. Rh6 Kd8 49. Rh8+ Kc7 50. Rh7+ Kc6 51. Rxb7 Kxb7 52. e6 Kc8 53. Kf6 Kd8 54. Kf7 a5 55. e7+ Kc7 56. e8Q a4 57. Qe6 a3 58. Kf6 Kd8 59. Qf7 Kc8 60. Ke6 Kb8 61. Kd6 Ka8 62. Kc6 Kb8 63. Qb7# 1-0

[Event "Wch U10 Girls"]
[Site "Porto Carras"]
[Date "2015.11.02"]
[Round "8"]
[White "Reuter, Elisa"]
[Black "Cai, Boheng"]
[Result "1/2-1/2"]
[WhiteElo "1722"]
[BlackElo "1594"]
[PlyCount "110"]
[EventDate "2015.10.25"]
[EventType "swiss"]
[EventRounds "11"]
[EventCountry "GRE"]
[SourceTitle "CBM 169 Extra"]
[Source "ChessBase"]
[SourceDate "2015.12.18"]
[SourceVersion "1"]
[SourceVersionDate "2015.12.18"]
[SourceQuality "1"]

1. e4 c6 2. d4 d5 3. exd5 cxd5 4. c4 Nf6 5. Nc3 e6 6. Bg5 Be7 7. Nf3 Nc6 8. c5 0-0 9. a3 b6 10. b4 a6 11. Na4 b5 12. Nb6 Rb8 13. Bd3 Nd7 14. Bxe7 Qxe7 15. Nxd7 Bxd7 16. 0-0 h6 17. Re1 Rfd8 18. Bc2 Qf6 19. Qd3 g6 20. Qe3 Kg7 21. Rad1 Re8 22. Ne5 Nxe5 23. Qxe5 Qxe5 24. Rxe5 Bc6 25. Bb3 Rbd8 26. f4 h5 27. h3 Kf6 28. Rde1 Rh8 29. Kf2 Rd7 30. Ra1 Rb7 31. Ke3 Ke7 32. Kd3 Kd7 33. Kc3 Rhb8 34. Bc2 Rc7 35. a4 Rcb7 36. axb5 Rxb5 37. Rxa6 Rxb4 38. Ra7+ R8b7 39. Rxb7+ Rxb7 40. Re1 Ra7 41. Rb1 Ra3+ 42. Rb3 Ra1 43. Bb1 Kc7 44. Kb2 Ra4 45. Kc3 Rc4+ 46. Kd3 Rc1 47. Rb2 Rd1+ 48. Ke3 Re1+ 49. Kf2 Rd1 50. Rb4 Rd2+ 51. Kg3 Bb7 52. Ra4 Bc6 53. Rb4 Bb7 54. Ra4 Bc6 55. Rb4 Bb7 1/2-1/2